Football: les adversaires Français de l'Ajax en Coupes d'Europe - Statistiques

Statistiques générales
  • Ce quiz a été pris 248 fois
  • Le résultat moyen est 6 sur 7
Statistiques - réponses
Réponse % Correct
Olympique de Marseille
100%
Olympique Lyonnais
100%
Paris SG
98%
Lille OSC
96%
OGC Nice
88%
AJ Auxerre
76%
RC Strasbourg
61%
Aucun quiz correspondant
Distribution des résultats
% des personnes avec chaque résultat
Percentile par nombre de réponses
Votre historique - résultats
Vous n’avez pas pris ce quiz